000 00416nam a2200193Ia 4500
001 14264
003 GE_BSU
008 181216s||||||||xx |||||||||||||| ||und||
020 _a0907486711
040 _cGE_BSU
080 _a629.7
245 4 _aThe story of Flight
260 _aLondon
260 _bChancellor Press
260 _c1974
300 _a426p.ill.30cm.
653 _aThe story of Flight
942 _cBK
999 _c47402
_d47402